Complex Ions - Statistics

General Stats
  • This quiz has been taken 5 times
  • The average score is 7 of 12
Answer Stats
Name Answer % Correct
Ammonium NH4plus
100%
Nitrate NO3minus
100%
Hydroxide OHminus
100%
Sulfate SO42minus
100%
Hipochlorite ClOminus
50%
Carbonate CO32minus
50%
Hydrogencarbonate HCO3minus
50%
Permanganate MnO4minus
50%
Sulfite SO32minus
50%
Dichromate Cr2O72minus
0%
Chromate CrO42minus
0%
Thiosulfate S2O32minus
0%
No matching quizzes found
Score Distribution
Percent of People with Each Score
Percentile by Number Answered
Your Score History
You have not taken this quiz